[Event "Memorial Romana Baka OPEN FIDE"]
[Site "Starochorzowski Dom Kultury, C"]
[Date "2014.10.01"]
[Round "7.15"]
[White "Muc, Zbigniew"]
[Black "Tchorzewski, Kazimierz"]
[Result "1-0"]
[WhiteElo "1721"]
[BlackElo "1828"]
[PlyCount "95"]
[EventDate "2014.??.??"]

1. e4 b6 2. d4 Bb7 3. Nc3 g6 4. Nf3 Bg7 5. Bd3 d6 6. O-O Nd7 7. Qe2 e6 8. Be3
Ne7 9. Rad1 O-O 10. h3 Qc8 11. a3 c5 12. Nb5 Qb8 13. a4 a6 14. Na3 d5 15. exd5
Nxd5 16. c3 Nf4 17. Bxf4 Qxf4 18. Nh2 Rfd8 19. Bc2 cxd4 20. g3 Qh6 21. Be4 Bxe4
22. Qxe4 Nc5 23. Qc6 Rdc8 24. Qf3 dxc3 25. bxc3 Qxh3 26. Nc4 Nxa4 27. Nd6 Rf8
28. c4 Rab8 29. Rfe1 e5 30. Ng4 Qh5 31. Nf6+ Bxf6 32. Qxf6 Nc5 33. Rd5 Nd7 34.
Qe7 Qh3 35. Ne4 Nc5 36. Nf6+ Kg7 37. Qxe5 Kh8 38. Nd7+ Kg8 39. Nxb8 Qc8 40. Rb1
Re8 41. Qd4 Ne6 42. Qxb6 Qxc4 43. Rdd1 h5 44. Nd7 Kg7 45. Qb2+ Kh6 46. Ne5 Qe4
47. Nxf7+ Kh7 48. Rd7 1-0

[Event "Memorial Romana Baka OPEN FIDE"]
[Site "Starochorzowski Dom Kultury, C"]
[Date "2014.10.01"]
[Round "7.16"]
[White "Mandla, Maciej"]
[Black "Rychlik, Bogdan"]
[Result "0-1"]
[WhiteElo "1635"]
[BlackElo "1759"]
[PlyCount "76"]
[EventDate "2014.??.??"]

1. e4 c5 2. Nf3 a6 3. Nc3 Nc6 4. g3 g6 5. Bg2 Bg7 6. O-O d6 7. d3 b5 8. Ne2 Bb7
9. c3 e6 10. Be3 Nge7 11. Qd2 h5 12. Ng5 O-O 13. Bh3 Bc8 14. f4 Bd7 15. Rad1 a5
16. d4 cxd4 17. Nxd4 Nxd4 18. cxd4 d5 19. f5 exf5 20. e5 Ra6 21. Nf3 f4 22.
Bxf4 Bxh3 23. Rf2 Nf5 24. Ng5 Bg4 25. Rc1 f6 26. exf6 Bxf6 27. h3 Bxh3 28. Nxh3
Bxd4 29. Rc7 Ra7 30. Qxd4 Nxd4 31. Rxa7 Qb6 32. Rd7 Qe6 33. Rd6 Qg4 34. Kg2 h4
35. Rxd5 Ne2 36. Rg5 Nxf4+ 37. Rxf4 Rxf4 38. Rxg4 Rxg4 0-1

[Event "Memorial Romana Baka OPEN FIDE"]
[Site "Starochorzowski Dom Kultury, C"]
[Date "2014.10.01"]
[Round "7.17"]
[White "Gredka, Dominika"]
[Black "Widera, Jan"]
[Result "0-1"]
[WhiteElo "1469"]
[BlackElo "1906"]
[PlyCount "96"]
[EventDate "2014.??.??"]

1. e4 c5 2. Nf3 Nc6 3. d4 cxd4 4. Nxd4 Nf6 5. Nc3 g6 6. Be3 Bg7 7. Be2 O-O 8.
Qd2 d5 9. exd5 Nxd5 10. Nxd5 Nxd4 11. Bxd4 Qxd5 12. Bxg7 Qxd2+ 13. Kxd2 Kxg7
14. Rad1 e5 15. Kc1 Be6 16. Kb1 Rac8 17. Rhe1 Rfd8 18. Bd3 Rc5 19. f3 f5 20.
Re2 Kf6 21. Rde1 a5 22. Rd1 h5 23. h3 h4 24. Rg1 Bf7 25. Rge1 Re8 26. Rd2 Kg5
27. Bf1 Re7 28. Red1 Kf4 29. b3 g5 30. Bd3 Bh5 31. Re1 Bg6 32. Rf2 Kg3 33. Rfe2
Kf4 34. Rf2 b5 35. Kb2 b4 36. a3 Be8 37. a4 Bd7 38. Kb1 Bc8 39. Kb2 Ra7 40.
Rfe2 Ba6 41. Rd1 Rd7 42. Red2 Bb7 43. Re2 Ba6 44. Red2 Bxd3 45. Rxd3 Rxd3 46.
Rxd3 e4 47. fxe4 fxe4 48. Rd6 Kg3 0-1

[Event "Memorial Romana Baka OPEN FIDE"]
[Site "Starochorzowski Dom Kultury, C"]
[Date "2014.10.01"]
[Round "7.20"]
[White "Nowak, Adam"]
[Black "Lendla, Janusz"]
[Result "1/2-1/2"]
[WhiteElo "1458"]
[BlackElo "1637"]
[PlyCount "91"]
[EventDate "2014.??.??"]

1. c4 Nf6 2. Nc3 g6 3. g3 Bg7 4. Nf3 O-O 5. Bg2 d6 6. O-O Nc6 7. b3 a6 8. Bb2
e5 9. d3 Rb8 10. Qd2 Ne7 11. Rac1 c6 12. Rfd1 h6 13. b4 Be6 14. a4 b5 15. c5
bxa4 16. Nxa4 Bb3 17. cxd6 Nf5 18. Nc5 Bxd1 19. Rxd1 Nd7 20. Nxa6 Rb6 21. Nc5
Nxd6 22. Nxd7 Qxd7 23. Nxe5 Qe8 24. Ng4 Qe6 25. Bxg7 Kxg7 26. Qxh6+ Kg8 27. Qf4
Nf5 28. Bf3 Rb5 29. h4 Qb3 30. Rc1 Rxb4 31. Nf6+ Kg7 32. Qe5 Qe6 33. Qxe6 fxe6
34. Nd7 Rd8 35. Ne5 Rb2 36. Rxc6 Kf6 37. Nc4 Rc2 38. Ne3 Rxc6 39. Bxc6 Nd4 40.
Ng4+ Kg7 41. Bf3 Nxf3+ 42. exf3 Rxd3 43. Ne5 Ra3 44. f4 Kf6 45. Kg2 Rb3 46. Kh2
1/2-1/2

[Event "Memorial Romana Baka OPEN FIDE"]
[Site "Starochorzowski Dom Kultury, C"]
[Date "2014.10.02"]
[Round "8.1"]
[White "Kaczmarek, Aleksander"]
[Black "Raszka, Janusz"]
[Result "1/2-1/2"]
[WhiteElo "2289"]
[BlackElo "2140"]
[PlyCount "81"]
[EventDate "2014.??.??"]

1. e4 e6 2. d4 d5 3. e5 c5 4. c3 Nc6 5. Nf3 Nge7 6. Bd3 cxd4 7. cxd4 Nf5 8.
Bxf5 exf5 9. Nc3 Be6 10. Bg5 Qd7 11. h4 h6 12. Bf4 Be7 13. Kf1 O-O-O 14. h5 g5
15. hxg6 fxg6 16. Rxh6 g5 17. Rxh8 Rxh8 18. Bc1 f4 19. Ng1 Rh1 20. Nce2 Bd8 21.
Bd2 Bb6 22. Rc1 Kb8 23. Bc3 Qh7 24. f3 Qh2 25. Qc2 Nxe5 26. b3 Bh3 27. gxh3
Qxh3+ 28. Kf2 Rh2+ 29. Ke1 Nxf3+ 30. Nxf3 Qxf3 31. Kd1 Bxd4 32. Bb4 Rh1+ 33.
Be1 a6 34. Qd2 Be3 35. Qc3 g4 36. Qb4 g3 37. Rc6 Qe4 38. Qd6+ Ka8 39. Qd8+ Ka7
40. Rxa6+ bxa6 41. Qc7+ 1/2-1/2

[Event "Memorial Romana Baka OPEN FIDE"]
[Site "Starochorzowski Dom Kultury, C"]
[Date "2014.10.02"]
[Round "8.2"]
[White "Sensula, Marek"]
[Black "Krzyzanowski, Marcin"]
[Result "0-1"]
[WhiteElo "1757"]
[BlackElo "2347"]
[PlyCount "68"]
[EventDate "2014.??.??"]

1. d4 Nf6 2. c4 d6 3. Nf3 g6 4. Nc3 Bf5 5. e3 Bg7 6. Bd3 Bxd3 7. Qxd3 O-O 8.
O-O Nbd7 9. b3 c6 10. Bb2 Re8 11. Rfd1 Qa5 12. Ne4 Nxe4 13. Qxe4 Rad8 14. Qh4
b5 15. Ng5 h6 16. Ne4 bxc4 17. bxc4 Rb8 18. Bc3 Qa3 19. Qh3 Nb6 20. Rab1 Nxc4
21. Rxb8 Rxb8 22. Qd7 d5 23. Qxc6 Nb6 24. Nc5 Qxc3 25. Qc7 Ra8 26. Qxe7 Bf8 27.
Qh4 Rc8 28. h3 Qc2 29. Qg4 Bxc5 30. dxc5 Rxc5 31. h4 Rc4 32. f4 h5 33. Qf3 Qe4
34. Qxe4 dxe4 0-1

[Event "Memorial Romana Baka OPEN FIDE"]
[Site "Starochorzowski Dom Kultury, C"]
[Date "2014.10.02"]
[Round "8.3"]
[White "Piesik, Piotr"]
[Black "Rosicki, Marcin"]
[Result "1-0"]
[WhiteElo "2231"]
[BlackElo "1794"]
[PlyCount "55"]
[EventDate "2014.??.??"]

1. Nf3 Nf6 2. g3 d5 3. Bg2 e6 4. O-O Be7 5. d3 c5 6. Nbd2 Nc6 7. e4 Qc7 8. Qe2
b6 9. c3 Bb7 10. Re1 h6 11. a3 O-O-O 12. b4 c4 13. e5 cxd3 14. Qxd3 Ne4 15. Nb3
g5 16. Nbd4 g4 17. Nxc6 Qxc6 18. Nd2 Nxd2 19. Bxd2 Kb8 20. Be3 Rc8 21. Bd4 Bg5
22. a4 Qc4 23. Qd1 h5 24. Bf1 Qc7 25. a5 h4 26. axb6 axb6 27. Qa4 Bc6 28. b5
1-0

[Event "Memorial Romana Baka OPEN FIDE"]
[Site "Starochorzowski Dom Kultury, C"]
[Date "2014.10.02"]
[Round "8.4"]
[White "Zylka, Stanislaw"]
[Black "Strzemiecki, Zbigniew"]
[Result "1/2-1/2"]
[WhiteElo "1934"]
[BlackElo "2379"]
[PlyCount "70"]
[EventDate "2014.??.??"]

1. d4 e6 2. Nf3 f5 3. c4 Nf6 4. g3 b6 5. Bg2 Bb7 6. O-O Be7 7. Nc3 Ne4 8. Bd2
O-O 9. Qc2 Nxc3 10. Bxc3 Be4 11. Qd2 Bf6 12. Ne1 Bxg2 13. Nxg2 Qe8 14. Rfe1 d5
15. cxd5 exd5 16. Rac1 Qd7 17. Qd3 g6 18. Rc2 Nc6 19. Rec1 Rfc8 20. Nf4 Nd8 21.
h4 c6 22. Bb4 a5 23. Ba3 Ne6 24. Nxe6 Qxe6 25. e3 h6 26. Kg2 Ra7 27. b3 g5 28.
hxg5 hxg5 29. Rh1 Rh7 30. Rxh7 Kxh7 31. Rc1 Kg6 32. g4 Qe4+ 33. Qxe4 dxe4 34.
gxf5+ Kxf5 35. Rh1 Kg6 1/2-1/2

[Event "Memorial Romana Baka OPEN FIDE"]
[Site "Starochorzowski Dom Kultury, C"]
[Date "2014.10.02"]
[Round "8.5"]
[White "Morkisz, Bogdan"]
[Black "Faron, Rafal"]
[Result "1/2-1/2"]
[WhiteElo "2123"]
[BlackElo "2034"]
[PlyCount "108"]
[EventDate "2014.??.??"]

1. Nf3 Nf6 2. g3 g6 3. Bg2 Bg7 4. O-O O-O 5. d3 d5 6. Nbd2 b6 7. c4 e6 8. b3
Bb7 9. Bb2 Nbd7 10. Qc2 c5 11. e3 Qc7 12. Rac1 Rac8 13. Qb1 Qb8 14. Qa1 Ne8 15.
Bxg7 Nxg7 16. d4 Qa8 17. Ne5 Rfd8 18. Rfd1 Nxe5 19. dxe5 d4 20. Bxb7 Qxb7 21.
e4 Qc7 22. f4 Rb8 23. Qb1 a6 24. Qd3 Rdc8 25. Rf1 Qd7 26. Rf2 b5 27. Rcf1 b4
28. g4 Re8 29. Nf3 h6 30. Kh1 a5 31. Rg2 Kh8 32. Rg3 Kh7 33. Rfg1 Rh8 34. f5
Kg8 35. Rf1 exf5 36. gxf5 Qc6 37. Rfg1 g5 38. Nxg5 hxg5 39. Rxg5 Qh6 40. Qg3
Rh7 41. f6 Rd8 42. Qf4 Kh8 43. Qg3 d3 44. Rxg7 Rxg7 45. fxg7+ Kg8 46. Qg4 d2
47. Qf3 Qh7 48. h3 d1=R 49. Rxd1 Rxd1+ 50. Qxd1 Qxh3+ 51. Kg1 Qg3+ 52. Kf1 Qf4+
53. Kg1 Qg3+ 54. Kf1 Qf4+ 1/2-1/2

[Event "Memorial Romana Baka OPEN FIDE"]
[Site "Starochorzowski Dom Kultury, C"]
[Date "2014.10.02"]
[Round "8.6"]
[White "Kubicka, Anna"]
[Black "Szczecina, Kamil"]
[Result "0-1"]
[WhiteElo "1734"]
[BlackElo "1889"]
[PlyCount "72"]
[EventDate "2014.??.??"]

1. e4 c5 2. Nf3 e6 3. d4 cxd4 4. Nxd4 a6 5. Bd3 Qc7 6. O-O Nf6 7. Qe2 d6 8. c4
Nbd7 9. f4 Be7 10. Be3 O-O 11. Nd2 b6 12. g4 Nc5 13. Bc2 Bb7 14. Bf2 d5 15. e5
Nfe4 16. Nxe4 Nxe4 17. cxd5 Nxf2 18. Rxf2 Bxd5 19. Be4 Rad8 20. Bxd5 Bc5 21.
Nxe6 Bxf2+ 22. Kxf2 fxe6 23. Bxe6+ Kh8 24. Kg3 Rd4 25. Rf1 Rfd8 26. Bf5 Rd2 27.
Qe4 g6 28. Be6 Qc5 29. Qb7 R8d3+ 30. Kh4 Rxh2+ 31. Kg5 Qf8 32. f5 Qh6+ 33. Kf6
gxf5+ 34. Ke7 Qg5+ 35. Kf8 Rd8+ 36. Kf7 Qg7# 0-1

[Event "Memorial Romana Baka OPEN FIDE"]
[Site "Starochorzowski Dom Kultury, C"]
[Date "2014.10.02"]
[Round "8.7"]
[White "Szmyd, Arkadiusz"]
[Black "Galyga, Jozef"]
[Result "1-0"]
[WhiteElo "2144"]
[BlackElo "1860"]
[PlyCount "67"]
[EventDate "2014.??.??"]

1. e4 c5 2. Nf3 e6 3. Nc3 Nc6 4. d4 cxd4 5. Nxd4 a6 6. Be3 Qc7 7. Bd3 Nf6 8.
O-O Be7 9. Kh1 O-O 10. f4 d6 11. a4 Bd7 12. Qf3 Rac8 13. Qg3 e5 14. fxe5 Nxe5
15. Nf5 Bxf5 16. Rxf5 Kh8 17. Raf1 Qd7 18. Bd4 Rfe8 19. b3 Bd8 20. Nd5 Re6 21.
Nf4 Re8 22. Nd5 Qe6 23. Bxe5 dxe5 24. Nxf6 Bxf6 25. Bc4 Qe7 26. Qd3 Red8 27.
Bd5 Rc7 28. g4 h6 29. c4 Qc5 30. Qh3 Kg8 31. Qg3 Rd6 32. h4 Qd4 33. g5 hxg5 34.
hxg5 1-0

[Event "Memorial Romana Baka OPEN FIDE"]
[Site "Starochorzowski Dom Kultury, C"]
[Date "2014.10.02"]
[Round "8.8"]
[White "Sroka, Janusz"]
[Black "Krol, Rafal"]
[Result "1-0"]
[WhiteElo "2069"]
[BlackElo "1785"]
[PlyCount "59"]
[EventDate "2014.??.??"]

1. e4 c6 2. d4 d5 3. e5 c5 4. Nf3 Nc6 5. dxc5 Bg4 6. Bb5 Qa5+ 7. Nc3 e6 8. Be3
Nge7 9. a3 Nf5 10. b4 Nxe3 11. fxe3 Qc7 12. Qd4 Bf5 13. e4 dxe4 14. Nxe4 Bxe4
15. Qxe4 O-O-O 16. Bxc6 Qxc6 17. Qxc6+ bxc6 18. Ng5 Rd7 19. O-O f6 20. Nxe6 Be7
21. Rad1 fxe5 22. Rxd7 Kxd7 23. Nxg7 e4 24. Rd1+ Kc8 25. Nf5 Re8 26. Nxe7+ Rxe7
27. Kf2 e3+ 28. Ke2 Re4 29. Rd3 Rc4 30. c3 1-0

[Event "Memorial Romana Baka OPEN FIDE"]
[Site "Starochorzowski Dom Kultury, C"]
[Date "2014.10.02"]
[Round "8.9"]
[White "Wirtek, Jerzy"]
[Black "Rak, Dariusz"]
[Result "0-1"]
[WhiteElo "1706"]
[BlackElo "1869"]
[PlyCount "106"]
[EventDate "2014.??.??"]

1. d4 Nf6 2. c4 e6 3. g3 d5 4. Nf3 c5 5. cxd5 Nxd5 6. Bg2 Nc6 7. O-O Bd7 8. Nc3
Nxc3 9. bxc3 cxd4 10. cxd4 Bd6 11. e4 O-O 12. Be3 Ne7 13. h4 Bc6 14. Ng5 Bb4
15. Kh2 b5 16. Qh5 h6 17. Nh3 Ng6 18. Rfd1 Bc3 19. Rac1 b4 20. Qg4 Kh7 21. h5
Ne7 22. d5 exd5 23. exd5 Bd7 24. Qh4 Nf5 25. Qxd8 Rfxd8 26. Bd2 Ba4 27. Be4
Bxd1 28. Bxc3 Bxh5 29. Bxb4 Bg6 30. Nf4 Nd6 31. Bg2 Be4 32. f3 Bf5 33. Rc6 Ne8
34. d6 Bd7 35. Ra6 Bb5 36. Ra5 a6 37. a4 Bc6 38. Nd3 Nxd6 39. Ne5 Be8 40. f4
Rab8 41. Bxd6 Rxd6 42. Be4+ g6 43. f5 Kg7 44. g4 Rb4 45. Bg2 gxf5 46. gxf5 Rxa4
47. Rc5 Ra2 48. Kg3 Ra3+ 49. Kh2 Rd2 50. Nc4 Rxg2+ 51. Kxg2 Rc3 52. Rc8 Bb5 53.
Nd6 Rxc8 0-1

[Event "Memorial Romana Baka OPEN FIDE"]
[Site "Starochorzowski Dom Kultury, C"]
[Date "2014.10.02"]
[Round "8.10"]
[White "Marek, Eugeniusz"]
[Black "Klementys, Jerzy"]
[Result "0-1"]
[WhiteElo "1761"]
[BlackElo "1675"]
[PlyCount "82"]
[EventDate "2014.??.??"]

1. c4 Nf6 2. Nc3 g6 3. g3 Bg7 4. Bg2 O-O 5. d3 e5 6. e4 Nc6 7. Nge2 d6 8. O-O
Bg4 9. h3 Bd7 10. f4 Qc8 11. Kh2 a6 12. Be3 Rb8 13. a4 Nh5 14. Nd5 exf4 15.
gxf4 Bxb2 16. Rb1 Bg7 17. Bd4 Nxd4 18. Nxd4 Qd8 19. Ne2 b6 20. Qc2 f5 21. a5
Nf6 22. axb6 Nxd5 23. exd5 cxb6 24. Qa2 Re8 25. Bf3 Ra8 26. d4 Qc7 27. Rfc1 Re3
28. Kg2 Qa7 29. c5 b5 30. Qd2 Rae8 31. Kf2 R3e7 32. cxd6 Rf7 33. Rc7 Qb6 34.
Qb4 Bf8 35. Qc5 Qxd6 36. Qa7 Be6 37. Rxf7 Bxf7 38. Ra1 Bxd5 39. Rxa6 Qd8 40.
Qb6 Qh4+ 41. Ng3 Qxf4 0-1

[Event "Memorial Romana Baka OPEN FIDE"]
[Site "Starochorzowski Dom Kultury, C"]
[Date "2014.10.02"]
[Round "8.11"]
[White "Rychlik, Bogdan"]
[Black "Janiszewski, Maciej"]
[Result "0-1"]
[WhiteElo "1759"]
[BlackElo "1981"]
[PlyCount "56"]
[EventDate "2014.??.??"]

1. e4 Nf6 2. e5 Nd5 3. d4 d6 4. c4 Nb6 5. f4 dxe5 6. fxe5 g6 7. Nc3 Bg7 8. Be3
O-O 9. Nf3 Nc6 10. h3 a5 11. Be2 a4 12. O-O a3 13. b3 Nb4 14. Rc1 Nd7 15. Qd2
c5 16. Nd5 Nxd5 17. cxd5 cxd4 18. Bxd4 Nb6 19. Bxb6 Qxb6+ 20. Kh1 Rd8 21. Bc4
Be6 22. Rcd1 Bxd5 23. Bxd5 e6 24. Qf4 Rxd5 25. Rxd5 exd5 26. Ng5 Rf8 27. Qf3 h6
28. Nxf7 Qe6 0-1

[Event "Memorial Romana Baka OPEN FIDE"]
[Site "Starochorzowski Dom Kultury, C"]
[Date "2014.10.02"]
[Round "8.12"]
[White "Solek, Zenon"]
[Black "Zawierucha, Aleksander"]
[Result "1-0"]
[WhiteElo "1817"]
[BlackElo "1957"]
[PlyCount "79"]
[EventDate "2014.??.??"]

1. e4 e6 2. d4 d5 3. Nd2 Nf6 4. e5 Nfd7 5. Bd3 c5 6. c3 Nc6 7. Ne2 cxd4 8. cxd4
f6 9. exf6 Nxf6 10. O-O Bd6 11. Nf3 Qc7 12. g3 O-O 13. Nf4 Qb6 14. b3 e5 15.
dxe5 Nxe5 16. Nxe5 Bxe5 17. Be3 d4 18. Bc1 Kh8 19. Re1 Bxf4 20. Bxf4 Bg4 21.
Qd2 Bh3 22. Rac1 Rac8 23. Be5 Ng4 24. Rxc8 Rxc8 25. Bf5 Nxe5 26. Rxe5 Bxf5 27.
Rxf5 Rd8 28. Qd3 h6 29. Rf4 Qc5 30. a4 a6 31. h4 b5 32. axb5 axb5 33. Rf5 Qc1+
34. Qf1 Qc2 35. Qxb5 d3 36. Qa5 Qc8 37. Rc5 Qxc5 38. Qxd8+ Kh7 39. Qxd3+ Kg8
40. Qc4+ 1-0

[Event "Memorial Romana Baka OPEN FIDE"]
[Site "Starochorzowski Dom Kultury, C"]
[Date "2014.10.02"]
[Round "8.13"]
[White "Muc, Zbigniew"]
[Black "Blasiak, Miroslaw"]
[Result "0-1"]
[WhiteElo "1721"]
[BlackElo "1818"]
[PlyCount "52"]
[EventDate "2014.??.??"]

1. e4 e5 2. Nf3 Nc6 3. Bb5 a6 4. Ba4 Nf6 5. O-O Be7 6. Re1 b5 7. Bb3 O-O 8. c3
d5 9. exd5 Nxd5 10. Nxe5 Nxe5 11. Rxe5 c6 12. d4 Bd6 13. Re1 Qh4 14. g3 Qh3 15.
Qf3 Bg4 16. Qg2 Qh5 17. h4 Rae8 18. Bd2 Bf3 19. Qh2 f5 20. c4 bxc4 21. Bxc4 f4
22. Nc3 fxg3 23. fxg3 Qg4 24. Ne2 Rxe2 25. Bxe2 Bxg3 26. Qg2 Qxd4+ 0-1

[Event "Memorial Romana Baka OPEN FIDE"]
[Site "Starochorzowski Dom Kultury, C"]
[Date "2014.10.02"]
[Round "8.14"]
[White "Mostowski, Boguslaw"]
[Black "Widera, Jan"]
[Result "1-0"]
[WhiteElo "1766"]
[BlackElo "1906"]
[PlyCount "97"]
[EventDate "2014.??.??"]

1. e4 c5 2. Nf3 Nc6 3. d4 cxd4 4. Nxd4 Nf6 5. Nc3 g6 6. Nxc6 bxc6 7. e5 Ng8 8.
Bc4 Bg7 9. Qe2 f5 10. Bd2 e6 11. O-O-O Qc7 12. Rhe1 Rb8 13. f4 Bf8 14. Na4 Ne7
15. Bb3 Nd5 16. c4 Nb4 17. a3 Na6 18. Ba2 Nc5 19. Nxc5 Bxc5 20. Bc3 Be7 21. g4
O-O 22. g5 c5 23. h4 Bb7 24. h5 Kf7 25. Qh2 Rh8 26. Re3 Kg7 27. Bb1 Bc6 28. Bc2
Qb7 29. Rde1 Qb6 30. Bd3 Bd8 31. Qd2 Qb7 32. Rh3 Be7 33. Qe3 Qb3 34. Qd2 Qb7
35. Rg1 Qa6 36. Rgg3 Qb7 37. Rh2 Qa6 38. Rgh3 Qb7 39. hxg6 hxg6 40. Rxh8 Rxh8
41. Rxh8 Kxh8 42. Qh2+ Kg8 43. Qh6 Bf8 44. Qxg6+ Bg7 45. Bxf5 exf5 46. e6 dxe6
47. Bxg7 Qf7 48. Qh6 Qe8 49. g6 1-0

[Event "Memorial Romana Baka OPEN FIDE"]
[Site "Starochorzowski Dom Kultury, C"]
[Date "2014.10.02"]
[Round "8.15"]
[White "Liszek, Krzysztof"]
[Black "Matysek, Pawel"]
[Result "1/2-1/2"]
[WhiteElo "1905"]
[BlackElo "1464"]
[PlyCount "37"]
[EventDate "2014.??.??"]

1. d4 Nf6 2. c4 c5 3. d5 b5 4. cxb5 a6 5. e3 g6 6. Nc3 Bg7 7. Nf3 d6 8. e4 O-O
9. a4 axb5 10. Bxb5 Ba6 11. Bg5 Bxb5 12. axb5 Nbd7 13. O-O Nb6 14. Qe2 Qd7 15.
Nd2 Rfb8 16. f3 Ne8 17. Nb3 Rxa1 18. Rxa1 c4 19. Nd2 1/2-1/2

[Event "Memorial Romana Baka OPEN FIDE"]
[Site "Starochorzowski Dom Kultury, C"]
[Date "2014.10.02"]
[Round "8.16"]
[White "Nowakowski, Jan"]
[Black "Cieraszewski, Piotr"]
[Result "1/2-1/2"]
[WhiteElo "1692"]
[BlackElo "1838"]
[PlyCount "78"]
[EventDate "2014.??.??"]

1. e4 e5 2. Nf3 Nc6 3. Bb5 a6 4. Ba4 Be7 5. O-O b5 6. Bb3 Nf6 7. Re1 d6 8. h3
O-O 9. c3 Na5 10. Bc2 c5 11. d4 Qc7 12. d5 Ne8 13. g4 h5 14. Nh2 Bh4 15. Rf1
Qd8 16. Kg2 hxg4 17. hxg4 Bg5 18. f3 g6 19. Rh1 Nc4 20. Nf1 Qf6 21. b3 Nb6 22.
Ng3 Bxc1 23. Qxc1 Qf4 24. Qe1 Kg7 25. Nd2 Rh8 26. Qf2 Bb7 27. Rxh8 Kxh8 28.
Rh1+ Kg7 29. Ndf1 Nf6 30. Ne2 Qg5 31. Ng1 Rh8 32. Nh3 Qc1 33. Ng3 Qb2 34. g5
Nh5 35. Nxh5+ Rxh5 36. f4 exf4 37. Bd1 Qxf2+ 38. Kxf2 Rh4 39. Kg2 Bc8 1/2-1/2

[Event "Memorial Romana Baka OPEN FIDE"]
[Site "Starochorzowski Dom Kultury, C"]
[Date "2014.10.02"]
[Round "8.17"]
[White "Pasieka, Marcin"]
[Black "Bobecki, Tadeusz"]
[Result "1-0"]
[WhiteElo "1626"]
[BlackElo "1815"]
[PlyCount "82"]
[EventDate "2014.??.??"]

1. e4 d5 2. exd5 Nf6 3. d4 Nxd5 4. c4 Nb4 5. a3 N4a6 6. Nc3 c6 7. Nf3 Bg4 8.
Be2 e6 9. Bf4 Be7 10. Qb3 Qc8 11. Ne4 O-O 12. c5 Bf5 13. Nd6 Bxd6 14. Bxd6 Re8
15. Ne5 Be4 16. Bh5 g6 17. Qg3 Nd7 18. Qf4 Nxe5 19. Bxe5 Qd8 20. Bf6 Re7 21.
Qh6 Qf8 22. Qxf8+ Kxf8 23. Bxe7+ Kxe7 24. Be2 Nc7 25. f3 Bd5 26. Kd2 Rd8 27.
Kc3 Ne8 28. b4 a6 29. a4 Nc7 30. Rhb1 Kd7 31. b5 a5 32. bxc6+ Bxc6 33. Bb5 Nd5+
34. Kd2 Kc7 35. Bxc6 bxc6 36. g3 Nb4 37. Kc3 e5 38. dxe5 Rd3+ 39. Kc4 Rxf3 40.
Rf1 Rf5 41. Rxf5 Nd5 1-0

[Event "Memorial Romana Baka OPEN FIDE"]
[Site "Starochorzowski Dom Kultury, C"]
[Date "2014.10.02"]
[Round "8.18"]
[White "Jopek, Krzysztof"]
[Black "Mandla, Maciej"]
[Result "1-0"]
[WhiteElo "1865"]
[BlackElo "1635"]
[PlyCount "81"]
[EventDate "2014.??.??"]

1. d4 Nf6 2. c4 Nc6 3. Nc3 e5 4. d5 Ne7 5. e4 Ng6 6. Nf3 Bc5 7. h3 O-O 8. g3 d6
9. Bg2 a6 10. O-O Bd7 11. Qe2 Qc8 12. Kh2 Ne8 13. Be3 Bxe3 14. Qxe3 h6 15. Nd2
f5 16. exf5 Bxf5 17. Nde4 Nf6 18. f3 Kh8 19. b4 Qd8 20. c5 dxc5 21. Nxf6 Qxf6
22. bxc5 Ne7 23. Rae1 Ng6 24. Ne4 Qf7 25. Qb3 b6 26. cxb6 cxb6 27. Nd6 Qc7 28.
Nxf5 Rxf5 29. Rc1 Qd7 30. h4 Rf6 31. Bh3 Qd8 32. Rc3 Rd6 33. Rd1 Qf6 34. Qc4 b5
35. Qe4 Rf8 36. Re3 h5 37. Be6 Nf4 38. Qxe5 Qg6 39. gxf4 Qc2+ 40. Re2 Qxd1 41.
Qxh5# 1-0

[Event "Memorial Romana Baka OPEN FIDE"]
[Site "Starochorzowski Dom Kultury, C"]
[Date "2014.10.02"]
[Round "8.19"]
[White "Lendla, Janusz"]
[Black "Tchorzewski, Kazimierz"]
[Result "0-1"]
[WhiteElo "1637"]
[BlackElo "1828"]
[PlyCount "72"]
[EventDate "2014.??.??"]

1. d4 b6 2. c4 Bb7 3. Nc3 d6 4. Bf4 Nf6 5. e3 g6 6. Nf3 Bg7 7. Be2 O-O 8. Qd2
a6 9. a4 Ne4 10. Nxe4 Bxe4 11. O-O Nd7 12. d5 Nc5 13. Ra3 a5 14. Ng5 Bf5 15. g4
Bd7 16. Bd1 e5 17. dxe6 fxe6 18. Bf3 Rb8 19. h4 h6 20. Ne4 e5 21. Nxc5 bxc5 22.
Bd5+ Kh8 23. Bg3 Bxg4 24. Bc6 g5 25. hxg5 Qxg5 26. b3 h5 27. f4 Qg6 28. Bg2 h4
29. Bxh4 exf4 30. Rxf4 Rxf4 31. exf4 Bd4+ 32. Bf2 Qb1+ 33. Kh2 Bf6 34. f5 Kg7
35. Qxa5 Be5+ 36. Bg3 Rh8+ 0-1

[Event "Memorial Romana Baka OPEN FIDE"]
[Site "Starochorzowski Dom Kultury, C"]
[Date "2014.10.03"]
[Round "9.1"]
[White "Krzyzanowski, Marcin"]
[Black "Sroka, Janusz"]
[Result "1-0"]
[WhiteElo "2347"]
[BlackElo "2069"]
[PlyCount "117"]
[EventDate "2014.??.??"]

1. e4 e5 2. Nf3 d6 3. Bc4 Nd7 4. O-O c6 5. d4 Be7 6. dxe5 dxe5 7. Ng5 Bxg5 8.
Qh5 Qe7 9. Qxg5 Ngf6 10. b3 b5 11. Ba3 b4 12. Bb2 O-O 13. Nd2 h6 14. Qe3 Nb6
15. Be2 Bb7 16. a4 Nbd7 17. Rae1 a5 18. Kh1 Rfe8 19. f4 Qc5 20. Qxc5 Nxc5 21.
fxe5 Nfxe4 22. Nxe4 Nxe4 23. Bh5 Ng5 24. e6 g6 25. exf7+ Nxf7 26. Rxe8+ Rxe8
27. Bxg6 Re7 28. Bd3 c5 29. h4 Be4 30. Bf6 Bxd3 31. cxd3 Rd7 32. Rf3 h5 33. Kg1
Nh6 34. Kf2 Ng4+ 35. Ke2 Kh7 36. Bb2 Kg6 37. Rf8 Re7+ 38. Kd2 Rf7 39. Rxf7 Kxf7
40. d4 Ke6 41. dxc5 Kd5 42. Ke2 Kxc5 43. Kf3 Kd5 44. Bg7 Ke6 45. Bd4 Kf5 46. g3
Nh2+ 47. Kg2 Ng4 48. Bb6 Ke4 49. Bxa5 Ne3+ 50. Kf2 Nc2 51. Bd8 Nd4 52. a5 Kd5
53. Be7 Nxb3 54. Bxb4 Nd4 55. Bc3 Nb5 56. Bd2 Nc7 57. Kf3 Ne6 58. Be3 Kc6 59.
Ke4 1-0

[Event "Memorial Romana Baka OPEN FIDE"]
[Site "Starochorzowski Dom Kultury, C"]
[Date "2014.10.03"]
[Round "9.2"]
[White "Raszka, Janusz"]
[Black "Zylka, Stanislaw"]
[Result "1-0"]
[WhiteElo "2140"]
[BlackElo "1934"]
[PlyCount "55"]
[EventDate "2014.??.??"]

1. e4 e5 2. Nf3 Nc6 3. Nc3 Nf6 4. Bb5 Bd6 5. O-O O-O 6. d3 h6 7. a3 Re8 8. Bc4
a6 9. Ne2 b5 10. Ba2 Bf8 11. Ng3 d5 12. exd5 Nxd5 13. Re1 Bb7 14. Bd2 Qd7 15.
Ne4 Kh8 16. Nc3 Nxc3 17. Bxc3 Bd6 18. Nh4 Nd4 19. Bxd4 exd4 20. Qh5 Kg8 21. Nf5
Kf8 22. Qg4 f6 23. Qg6 Re5 24. Rxe5 Bxe5 25. Qh7 Bd5 26. Bxd5 Qxd5 27. Qxg7+
Ke8 28. Qe7# 1-0

[Event "Memorial Romana Baka OPEN FIDE"]
[Site "Starochorzowski Dom Kultury, C"]
[Date "2014.10.03"]
[Round "9.3"]
[White "Rak, Dariusz"]
[Black "Kaczmarek, Aleksander"]
[Result "0-1"]
[WhiteElo "1869"]
[BlackElo "2289"]
[PlyCount "62"]
[EventDate "2014.??.??"]

1. d4 c5 2. d5 e6 3. c4 exd5 4. cxd5 d6 5. Nc3 g6 6. e4 Bg7 7. Nf3 a6 8. a4 Bg4
9. Be2 Bxf3 10. Bxf3 Ne7 11. O-O Nd7 12. Be2 O-O 13. Rb1 h6 14. Qc2 f5 15. exf5
Nxf5 16. Qe4 Qc7 17. Bd3 Rae8 18. Qg4 Ne5 19. Qh3 c4 20. Bxf5 Rxf5 21. Be3 Qf7
22. f4 Nd3 23. g4 Rxd5 24. Nxd5 Qxd5 25. f5 Rxe3 26. Qg2 Qxg2+ 27. Kxg2 Re2+
28. Kf3 Rxb2 29. Rxb2 Bxb2 30. Ke2 Nb4 31. f6 c3 0-1

[Event "Memorial Romana Baka OPEN FIDE"]
[Site "Starochorzowski Dom Kultury, C"]
[Date "2014.10.03"]
[Round "9.4"]
[White "Faron, Rafal"]
[Black "Piesik, Piotr"]
[Result "0-1"]
[WhiteElo "2034"]
[BlackElo "2231"]
[PlyCount "108"]
[EventDate "2014.??.??"]

1. Nf3 Nf6 2. c4 g6 3. Nc3 Bg7 4. d4 O-O 5. e4 d6 6. Be2 Nbd7 7. O-O e5 8. Be3
exd4 9. Nxd4 Nc5 10. f3 a5 11. b3 Re8 12. Qd2 c6 13. Nc2 Qc7 14. Rfd1 Nfd7 15.
Rac1 Be5 16. h3 Nf8 17. Na4 Nfe6 18. Nd4 Ng7 19. Bd3 Nxa4 20. bxa4 Nh5 21. Ne2
f5 22. exf5 gxf5 23. g4 Qg7 24. Kh1 fxg4 25. hxg4 Qf6 26. Kg2 Rf8 27. Be4 Bxg4
28. fxg4 Qh4 29. Bf5 Rxf5 30. gxf5 Qh2+ 31. Kf1 Rf8 32. Nf4 Ng3+ 33. Ke1 Qh1+
34. Kf2 Ne4+ 35. Ke2 Qh2+ 36. Kd3 Nxd2 37. Rxd2 Qh4 38. Rg2+ Kf7 39. Ne6 Rg8
40. Ng5+ Ke8 41. Nf3 Qh5 42. Rxg8+ Kf7 43. Rg2 Qxf3 44. Rf2 Qg4 45. Rb1 b6 46.
Rxb6 Qd1+ 47. Bd2 Kf6 48. Rb7 h5 49. Rh7 Qb1+ 50. Ke2 Qe4+ 51. Kd1 Qb1+ 52. Ke2
Qe4+ 53. Kd1 Qxc4 54. Rxh5 Qg4+ 0-1